|
|
|
|
| LEADER |
00000nam a2200000 a 4500 |
| 001 |
vtls001469536 |
| 003 |
SK-MaSNL |
| 005 |
20260302073446.0 |
| 008 |
160624s2003 xo 0 und |
| 035 |
|
|
|a SNK000424841
|
| 040 |
|
|
|a SNK
|b slo
|c SNK
|e AACR2
|
| 044 |
|
|
|a xo
|c SK
|
| 245 |
1 |
|
|a STN EN 50155 Dráhové aplikácie
|b elektronické zariadenia koľajových vozidiel
|
| 260 |
|
|
|a Bratislava
|b Slovenský ústav technickej normalizácie
|c 2003
|
| 500 |
|
|
|a Táto norma nahrádza ustanovenia STN 34 1510 z januára 1999
|
| 500 |
|
|
|a Norma je nahradená normou STN EN 50155 z apríla 2008 v celom rozsahu
|
| 655 |
|
7 |
|a normy
|2 SNK
|9 70643
|
| 774 |
1 |
8 |
|a STN EN 50155: 2008
|d Bratislava, Slovenský ústav technickej normalizácie, 2008
|w vtls009293630
|
| 999 |
|
|
|c 1160913
|d 1162843
|
| 952 |
|
|
|t P60, <03>, [BOOK], {603}
|a SNK
|b SNK
|y PREZ
|7 0
|p 17A0415144
|o snkSTN EN 50155
|i snkN 627/2004
|0 0
|1 0
|4 0
|d 2004-02-26
|l 0
|r 2005-01-02 00:00:00
|w 2026-02-24
|
| 952 |
|
|
|a SNK
|b SNK
|y PREZ
|7 0
|p 17A0415143
|o snkSTN EN 50155 D1
|i snkN 628/2004
|0 0
|1 0
|4 0
|d 2004-02-26
|l 0
|r 2005-01-02 00:00:00
|w 2026-02-24
|